000 00737aam a2200277 i 4500
001 768714001
003 CO-MdFUSB
005 20250528120719.0
007 ta
008 250527t1959 -us||||| |||| 00| 0 eng d
040 _cCO-MdFUSB
041 0 _aeng
082 0 4 _223
_a248.46
_bB682r
100 1 _aDu Bois, L. J.
_eautor
245 1 0 _aReverence in the christian life
_c/ L. J. Du Bois
264 1 _bBeacon Hill Press,
_aKansas City, MO., USA :
_c[1959]
264 4 _c©1959
300 _a72 páginas
336 _atexto
_btxt
_2rdacontent
337 _2rdamedia
_asin mediación
_bn
338 _2rdacarrier
_avolumen
_bnc
563 _aRústico
650 1 0 _aVida cristiana
_919
942 _cBK
945 _aElías Tolentino
999 _c41027
_d41027